| 000 | 01033cam a22003375a 4500 | ||
|---|---|---|---|
| 001 | 016551209 | ||
| 003 | Uk | ||
| 005 | 20201128024025.0 | ||
| 008 | 150527r20152014ii a frb 001 0 eng d | ||
| 015 |
_aGBB5G1435 _2bnb |
||
| 016 | 7 |
_a016551209 _2Uk |
|
| 020 | _a8126553448 | ||
| 020 | _a9788126553440 | ||
| 040 |
_aStDuBDS _beng _cStDuBDS _dUk _dEG-ScBUE |
||
| 042 | _aukblcatcopy | ||
| 082 | 0 | 4 |
_222 _a621.3192 _bDOR |
| 100 | 1 |
_aDorf, Richard C. _941703 |
|
| 245 | 1 | 0 |
_aIntroduction to electric circuits / _cRichard C. Dorf, James A. Svoboda. |
| 250 | _a9th ed., Wiley student ed. | ||
| 260 |
_aNew Delhi : _bWiley India Pvt. Ltd., _c2015. |
||
| 300 |
_axxv, 872 p. : _bill. ; _c26 cm. |
||
| 500 | _aIndex : p. 865-872. | ||
| 504 | _aBibliography : p. 863-864. | ||
| 590 | _aWessam | ||
| 651 | _2BUEsh | ||
| 653 |
_bENGELC _cNovember2016 |
||
| 650 | 7 |
_91213 _aElectric circuits _2BUEsh |
|
| 700 | 1 |
_aSvoboda, James A. _941704 |
|
| 942 |
_2ddc _e22 _k621.3192 DOR |
||
| 999 |
_c23375 _d23347 |
||